Hodnotový svet rodiny v integračných procesoch
Rodina ako organizovaný a vyvíjajúci sa systém, ktorý raz plne prijíma spoločenské zmeny, inokedy zapína obranné mechanizmy pre náročné situácie, krízové stavy a nežiaduce ohrozenia. Premeny hodnotového sveta rodiny, problém flexibilnosti a otvorenosti rodiny a proces jej potenciálnej sociálnej tran...
Gespeichert in:
| 1. Verfasser: | |
|---|---|
| Format: | Buchkapitel |
| Sprache: | Slowakisch |
| Schlagworte: | |
| Tags: |
Keine Tags, Fügen Sie das erste Tag hinzu!
|
MARC
| LEADER | 00000naa$a2200000$$$4500 | ||
|---|---|---|---|
| 001 | 0038366 | ||
| 005 | 20240502071459.5 | ||
| 041 | 0 | |a slo | |
| 044 | |a SK | ||
| 245 | 1 | 0 | |a Hodnotový svet rodiny v integračných procesoch |c Oľga Plávková |
| 520 | |a Rodina ako organizovaný a vyvíjajúci sa systém, ktorý raz plne prijíma spoločenské zmeny, inokedy zapína obranné mechanizmy pre náročné situácie, krízové stavy a nežiaduce ohrozenia. Premeny hodnotového sveta rodiny, problém flexibilnosti a otvorenosti rodiny a proces jej potenciálnej sociálnej transformácie. Mladá generácia a svet zamestnaných žien. | ||
| 610 | 2 | 0 | |a rodina |
| 610 | 2 | 0 | |a hodnota |
| 610 | 2 | 0 | |a integrácia |
| 610 | 2 | 0 | |a spoločnosť |
| 610 | 2 | 0 | |a mládež |
| 610 | 2 | 0 | |a ženy |
| 100 | 1 | |a Plávková, Oľga | |